| 000 | 00678nam a2200193 a 4500 | ||
|---|---|---|---|
| 008 | 101103s2005 ||||||||||||||||| || u | ||
| 020 | _a9780521612807 | ||
| 050 | _aHG 4523 Bai | ||
| 100 | _aBailey, Roy E | ||
| 245 | 1 | 4 | _aThe economics of financial markets |
| 260 |
_aCambridge: _bCambridge University Press _c2005 |
||
| 300 | _axix, 528p.: ill. | ||
| 350 | _a0.00 | ||
| 650 | 0 | _aFINANCE--DEVELOPING COUNTRIES | |
| 650 | _aSTOCK EXCHANGES | ||
| 650 | _aFUTURES MARKET | ||
| 650 | _aCAPITAL MARKET | ||
| 995 |
_D0.00 _FCBU-MAIN LIBRARY (Kitwe) _H1 _I0.00 _M1 _UAVAILABLE _WNov 30, 2010 _ZMain Library Open Access Collection |
||
| 999 |
_c41025 _d41025 |
||